000 004690000a22001810004500
001 004705
003 MACL
005 20150705170214.0
008 150705b xxu||||| |||| 00| 0 eng d
040 _aMACL
_cMACL
041 _aEnglish
082 _a305.454/NEV
100 _aNeveill, Pran
_91014
245 _aBeyond The Veil Indian Women In The Raj
_cPran Neveill
260 _aNew Delhi
_c2000
_bNeveil Books,
650 _aSocial Science
_929
942 _k305
_cBK
_2ddc
999 _c16592
_d16592